[Event "DEN-ch"]
[Site "Tonder"]
[Date "1993.??.??"]
[Round "9"]
[White "Aagaard, Jacob"]
[Black "Hoi, Carsten"]
[Result "1/2-1/2"]
[WhiteElo "2240"]
[BlackElo "2415"]
[PlyCount "41"]
[EventDate "1993.05.??"]
[EventType "tourn"]
[EventRounds "9"]
[EventCountry "DEN"]
[EventCategory "7"]
[Source "ChessBase"]
[SourceDate "1994.03.01"]

1. d4 g6 2. c4 Bg7 3. Nc3 d6 4. e4 Nf6 5. Bg5 O-O 6. f4 c5 7. d5 b5 8. cxb5 a6
9. a4 Qa5 10. Qd2 Qb4 11. e5 dxe5 12. fxe5 Ne4 13. Nxe4 Qxe4+ 14. Be2 Nd7 15.
Nf3 Nxe5 16. O-O Bb7 17. Rad1 axb5 18. Nxe5 Qxe5 19. Bxb5 Rfd8 20. Rfe1 Qxb2
21. Qxb2 1/2-1/2

[Event "DEN-ch"]
[Site "Tonder"]
[Date "1993.??.??"]
[Round "2"]
[White "Aagaard, Jacob"]
[Black "Danielsen, Henrik"]
[Result "0-1"]
[WhiteElo "2240"]
[BlackElo "2445"]
[PlyCount "84"]
[EventDate "1993.05.??"]
[EventType "tourn"]
[EventRounds "9"]
[EventCountry "DEN"]
[EventCategory "7"]
[Source "ChessBase"]
[SourceDate "1994.03.01"]

1. d4 e6 2. c4 Bb4+ 3. Nc3 f5 4. Nf3 Nf6 5. Qb3 a5 6. e3 O-O 7. Be2 b6 8. O-O
Bb7 9. Ne5 Qc8 10. Nd3 Na6 11. Nxb4 axb4 12. Nd1 c5 13. a3 Nb8 14. Bd2 Nc6 15.
Rc1 Ne4 16. Be1 bxa3 17. bxa3 cxd4 18. Qxb6 e5 19. f3 Nf6 20. f4 Re8 21. fxe5
Rxe5 22. Bg3 Re6 23. Bf3 Ne4 24. exd4 Ne5 25. Qxe6+ dxe6 26. Bxe5 Rxa3 27. Nf2
Rxf3 28. gxf3 Nd2 29. Nh3 Nxf3+ 30. Rxf3 Bxf3 31. Rb1 Bb7 32. Rb6 h6 33. Nf4 g5
34. c5 Qa8 35. c6 Qa1+ 36. Kf2 Bxc6 37. Rxc6 gxf4 38. Rc8+ Kf7 39. Rc7+ Ke8 40.
Rc8+ Kd7 41. Rc7+ Kd8 42. Rh7 Qc1 0-1

[Event "DEN-ch"]
[Site "Tonder"]
[Date "1993.??.??"]
[Round "6"]
[White "Aagaard, Jacob"]
[Black "Mortensen, Erling"]
[Result "0-1"]
[WhiteElo "2240"]
[BlackElo "2445"]
[PlyCount "104"]
[EventDate "1993.05.??"]
[EventType "tourn"]
[EventRounds "9"]
[EventCountry "DEN"]
[EventCategory "7"]
[Source "ChessBase"]
[SourceDate "1994.03.01"]

1. d4 Nf6 2. c4 g6 3. Nc3 Bg7 4. Nf3 O-O 5. Bf4 d6 6. e3 Nh5 7. Bg5 h6 8. Bh4
f5 9. Be2 g5 10. Nd2 Nf6 11. Bg3 Nc6 12. d5 Nb4 13. a3 Na6 14. Nb3 c5 15. dxc6
bxc6 16. c5 e5 17. Bc4+ d5 18. Bxa6 Bxa6 19. Bxe5 Re8 20. Qd4 Rxe5 21. Qxe5 Rb8
22. Qe6+ Kh8 23. Qxc6 Bc4 24. Nd2 Bd3 25. O-O-O Ng4 26. Nf3 Bxc3 27. Rxd3 Bxb2+
28. Kc2 Bg7 29. Qxd5 Qf6 30. Rb1 Rc8 31. Rb7 Nxf2 32. Rxg7 Qxg7 33. Rd2 Ne4 34.
Qd4 Nxd2 35. Kxd2 f4 36. Kd3 fxe3 37. Qxe3 Qg6+ 38. Kc3 Qf6+ 39. Ne5 Re8 40.
Kd4 Qe6 41. Qe4 Kg7 42. Qb7+ Re7 43. Qb8 h5 44. h3 Qf5 45. Qd6 Qf2+ 46. Ke4
Qxg2+ 47. Kd4 Qb2+ 48. Ke4 Qc2+ 49. Kd5 Qb3+ 50. Nc4 Qf3+ 51. Kd4 Re4+ 52. Kd5
Re3+ 0-1

[Event "DEN-ch"]
[Site "Tonder"]
[Date "1993.??.??"]
[Round "8"]
[White "Danielsen, Henrik"]
[Black "Schandorff, Lars"]
[Result "1/2-1/2"]
[WhiteElo "2445"]
[BlackElo "2420"]
[PlyCount "167"]
[EventDate "1993.05.??"]
[EventType "tourn"]
[EventRounds "9"]
[EventCountry "DEN"]
[EventCategory "7"]
[Source "ChessBase"]
[SourceDate "1994.03.01"]

1. Nf3 d6 2. d4 Nf6 3. g3 g6 4. Bg2 Bg7 5. O-O O-O 6. b3 e5 7. dxe5 dxe5 8. Ba3
Qxd1 9. Rxd1 Re8 10. Nc3 e4 11. Nd4 c6 12. e3 Nbd7 13. g4 h6 14. h3 Nf8 15. Rd2
N8h7 16. Rad1 Ng5 17. Bd6 Nfh7 18. Nce2 h5 19. h4 Nf3+ 20. Nxf3 exf3 21. Bxf3
hxg4 22. Bg2 Bf6 23. Bg3 Bf5 24. c4 a5 25. Nd4 Be4 26. a4 Nf8 27. Bxe4 Rxe4 28.
Kg2 Ree8 29. Kf1 Red8 30. Ke2 Rd7 31. Rd3 Rad8 32. R1d2 Be7 33. Rd1 f5 34. R1d2
Bb4 35. Rd1 Be7 36. R1d2 Bf6 37. Rd1 Re8 38. Kf1 Red8 39. Ke2 Re8 40. Kf1 Rh7
41. Bd6 Rxh4 42. Kg2 Rh7 43. Ne2 Nd7 44. R3d2 Be5 45. Bb4 axb4 46. Rxd7 Ree7
47. Rxe7 Rxe7 48. Rd8+ Kf7 49. Nc1 Bc7 50. Rd4 Bb6 51. Rd1 Kg7 52. Rd6 g3 53.
fxg3 Bxe3 54. Nd3 g5 55. a5 g4 56. a6 bxa6 57. Rxc6 a5 58. Rd6 Rc7 59. Rd5 a4
60. bxa4 Rxc4 61. Rb5 b3 62. Rxb3 Rxa4 63. Nb4 Bd2 64. Nd3 Re4 65. Nf2 Re6 66.
Rd3 Be3 67. Nd1 Bb6 68. Nc3 Kh6 69. Kf1 Bc7 70. Kf2 Rc6 71. Ne2 Kg5 72. Kf1 Rc2
73. Kf2 Kf6 74. Kf1 Ke5 75. Re3+ Kd5 76. Re8 Rc6 77. Rf8 Ke5 78. Rxf5+ Kxf5 79.
Nd4+ Ke4 80. Nxc6 Kf3 81. Nd4+ Kxg3 82. Nf5+ Kf4 83. Nh6 g3 84. Kg2 1/2-1/2

[Event "DEN-ch"]
[Site "Tonder"]
[Date "1993.??.??"]
[Round "5"]
[White "Danielsen, Henrik"]
[Black "Hansen, Sune Berg"]
[Result "1/2-1/2"]
[WhiteElo "2445"]
[BlackElo "2405"]
[PlyCount "81"]
[EventDate "1993.05.??"]
[EventType "tourn"]
[EventRounds "9"]
[EventCountry "DEN"]
[EventCategory "7"]
[Source "ChessBase"]
[SourceDate "1994.03.01"]

1. Nf3 Nf6 2. d4 g6 3. g3 Bg7 4. Bg2 O-O 5. O-O c6 6. Nbd2 d5 7. c3 Bf5 8. Nh4
Be6 9. e4 dxe4 10. Nxe4 Nxe4 11. Bxe4 Nd7 12. Re1 Nf6 13. Bg2 Bd5 14. Bf1 Re8
15. Bf4 Qd7 16. Be5 Nh5 17. Bxg7 Nxg7 18. Re5 Rad8 19. Qd2 f6 20. Ree1 Bf7 21.
Qc2 Ne6 22. Rad1 Nc7 23. Bg2 Kg7 24. c4 Na6 25. b3 Qc7 26. Qc3 e5 27. dxe5 Rxe5
28. Nf3 Rxd1 29. Rxd1 Re7 30. h4 Nc5 31. Re1 Rxe1+ 32. Nxe1 Qe7 33. Bf3 Qe5 34.
Qd2 Ne6 35. Kg2 Nd4 36. Nd3 Qf5 37. Ne1 Qe5 38. Nd3 Qf5 39. Ne1 Qe5 40. Nd3 Qf5
41. Ne1 1/2-1/2

[Event "DEN-ch"]
[Site "Tonder"]
[Date "1993.??.??"]
[Round "6"]
[White "Danielsen, Henrik"]
[Black "Rasmussen, Karsten"]
[Result "0-1"]
[WhiteElo "2445"]
[BlackElo "2440"]
[PlyCount "80"]
[EventDate "1993.05.??"]
[EventType "tourn"]
[EventRounds "9"]
[EventCountry "DEN"]
[EventCategory "7"]
[Source "ChessBase"]
[SourceDate "1994.03.01"]

1. d4 d5 2. c4 e6 3. Nf3 c6 4. Qc2 Nf6 5. Bg5 h6 6. Bxf6 Qxf6 7. e3 Nd7 8. Nc3
Bd6 9. a3 O-O 10. Rd1 Re8 11. Be2 Qe7 12. O-O dxc4 13. Bxc4 e5 14. Qg6 Bc7 15.
Ba2 Nf8 16. Qh5 exd4 17. exd4 Qf6 18. Rfe1 Bf5 19. Ne5 Ne6 20. Ne4 Bxe4 21.
Rxe4 Ng5 22. Rde1 Nxe4 23. Bxf7+ Kh8 24. Rxe4 Red8 25. g3 Qg5 26. Ng6+ Kh7 27.
Qf3 Rd6 28. h4 Rf6 29. Nf4 Qb5 30. Bg6+ Kh8 31. Qg4 Bxf4 32. gxf4 Raf8 33. f5
Qxb2 34. Re7 Qxa3 35. Rd7 Qc1+ 36. Kg2 Qc4 37. Bh5 Qg8 38. Bg6 b5 39. Rxa7 b4
40. Rb7 Rb8 0-1

[Event "DEN-ch"]
[Site "Tonder"]
[Date "1993.??.??"]
[Round "4"]
[White "Hansen, Lars Bo"]
[Black "Schandorff, Lars"]
[Result "1/2-1/2"]
[WhiteElo "2545"]
[BlackElo "2420"]
[PlyCount "75"]
[EventDate "1993.05.??"]
[EventType "tourn"]
[EventRounds "9"]
[EventCountry "DEN"]
[EventCategory "7"]
[Source "ChessBase"]
[SourceDate "1994.03.01"]

1. e4 e5 2. Nf3 Nc6 3. Bb5 a6 4. Ba4 Nf6 5. O-O Be7 6. d3 d6 7. c3 O-O 8. Nbd2
b5 9. Bc2 d5 10. Re1 Bg4 11. exd5 Nxd5 12. Nf1 Kh8 13. h3 Bh5 14. Ng3 Bg6 15.
Nxe5 Nxe5 16. Rxe5 c6 17. d4 Bd6 18. Re1 Bxg3 19. fxg3 Qd6 20. Bxg6 Qxg6 21.
Qf3 f6 22. Bf4 Rfe8 23. Rac1 h6 24. Kh2 a5 25. g4 a4 26. Bd6 Qf7 27. h4 Qd7 28.
Bg3 Kg8 29. Kg1 Rxe1+ 30. Rxe1 Re8 31. Rxe8+ Qxe8 32. Kf2 Qe6 33. Qe2 Kf7 34.
Qf3 Nb6 35. g5 hxg5 36. hxg5 Qxa2 37. Qxc6 Qxb2+ 38. Kg1 1/2-1/2

[Event "DEN-ch"]
[Site "Tonder"]
[Date "1993.??.??"]
[Round "7"]
[White "Hansen, Lars Bo"]
[Black "Aagaard, Jacob"]
[Result "1-0"]
[WhiteElo "2545"]
[BlackElo "2240"]
[PlyCount "33"]
[EventDate "1993.05.??"]
[EventType "tourn"]
[EventRounds "9"]
[EventCountry "DEN"]
[EventCategory "7"]
[Source "ChessBase"]
[SourceDate "1994.03.01"]

1. d4 Nf6 2. c4 g6 3. Nc3 Bg7 4. e4 d6 5. Bd3 O-O 6. Nge2 e5 7. d5 a5 8. O-O
Na6 9. f3 Ne8 10. Be3 f5 11. exf5 gxf5 12. f4 c6 13. Qd2 Bd7 14. Rad1 cxd5 15.
fxe5 dxe5 16. Nxd5 Be6 17. Nb6 1-0

[Event "DEN-ch"]
[Site "Tonder"]
[Date "1993.??.??"]
[Round "2"]
[White "Hansen, Lars Bo"]
[Black "Rasmussen, Karsten"]
[Result "1-0"]
[WhiteElo "2545"]
[BlackElo "2440"]
[PlyCount "65"]
[EventDate "1993.05.??"]
[EventType "tourn"]
[EventRounds "9"]
[EventCountry "DEN"]
[EventCategory "7"]
[Source "ChessBase"]
[SourceDate "1994.03.01"]

1. e4 c5 2. c3 d5 3. exd5 Qxd5 4. d4 e6 5. Nf3 Nf6 6. Na3 Qd8 7. Nc2 Be7 8. Bd3
Nc6 9. O-O O-O 10. Qe2 Qc7 11. dxc5 Bxc5 12. Bg5 Nd5 13. Rad1 h6 14. Bd2 Bd7
15. g3 e5 16. Nh4 Nf6 17. Bf5 Rad8 18. Ne3 Bxf5 19. Nexf5 Ne7 20. b4 Nxf5 21.
Nxf5 Bb6 22. c4 Bd4 23. c5 a5 24. a3 axb4 25. axb4 b6 26. c6 Nd5 27. b5 Bc5 28.
Qg4 g6 29. Nxh6+ Kh7 30. Qh3 Kg7 31. Ng4 Rh8 32. Bh6+ Kg8 33. Rxd5 1-0

[Event "DEN-ch"]
[Site "Tonder"]
[Date "1993.??.??"]
[Round "9"]
[White "Hansen, Lars Bo"]
[Black "Kristiansen, Jens"]
[Result "1/2-1/2"]
[WhiteElo "2545"]
[BlackElo "2415"]
[PlyCount "57"]
[EventDate "1993.05.??"]
[EventType "tourn"]
[EventRounds "9"]
[EventCountry "DEN"]
[EventCategory "7"]
[Source "ChessBase"]
[SourceDate "1994.03.01"]

1. d4 f5 2. g3 Nf6 3. Bg2 e6 4. Nh3 Be7 5. b3 O-O 6. O-O d6 7. Bb2 Qe8 8. Nd2
Nc6 9. Nf4 e5 10. Nd5 Nxd5 11. Bxd5+ Kh8 12. dxe5 dxe5 13. Bxc6 Qxc6 14. Nc4 e4
15. Qd4 Bf6 16. Ne5 Qe8 17. f4 Bxe5 18. Qxe5 Qxe5 19. Bxe5 Be6 20. Rad1 Rfd8
21. Kf2 c6 22. Ke3 Kg8 23. h3 Kf7 24. Rd2 Rxd2 25. Kxd2 g6 26. Rd1 Rd8+ 27. Ke1
Rxd1+ 28. Kxd1 Ke7 29. Kd2 1/2-1/2

[Event "DEN-ch"]
[Site "Tonder"]
[Date "1993.??.??"]
[Round "4"]
[White "Hansen, Sune Berg"]
[Black "Mortensen, Erling"]
[Result "1/2-1/2"]
[WhiteElo "2405"]
[BlackElo "2445"]
[PlyCount "97"]
[EventDate "1993.05.??"]
[EventType "tourn"]
[EventRounds "9"]
[EventCountry "DEN"]
[EventCategory "7"]
[Source "ChessBase"]
[SourceDate "1994.03.01"]

1. d4 Nf6 2. c4 g6 3. Nc3 Bg7 4. e4 d6 5. f3 O-O 6. Nge2 c5 7. d5 e6 8. Ng3
exd5 9. cxd5 Nbd7 10. Be2 a6 11. a4 h5 12. O-O h4 13. Nh1 Nh5 14. Be3 g5 15.
Qd2 Nf4 16. Bxf4 gxf4 17. Qxf4 Ne5 18. Qd2 Ng6 19. f4 Bd4+ 20. Nf2 f5 21. Kh1
Qe7 22. Bd3 Qg7 23. exf5 Bxf5 24. Bxf5 Rxf5 25. Nh3 Raf8 26. Rf3 Qd7 27. a5 Re8
28. Raf1 Bxc3 29. bxc3 Qe7 30. c4 Qe2 31. Qxe2 Rxe2 32. g4 hxg3 33. Rxg3 Kf7
34. Ng5+ Ke7 35. Rb3 Rxf4 36. Rxb7+ Kf6 37. Rg1 Ne5 38. Rh7 Ng4 39. Ne6 Rxc4
40. Rf1+ Rf2 41. Rxf2+ Nxf2+ 42. Kg2 Nd3 43. Rh6+ Kf5 44. Ng7+ Ke5 45. Ne8 Nf4+
46. Kf3 Rc3+ 47. Kg4 Nxd5 48. Nxd6 Rc1 49. Nf7+ 1/2-1/2

[Event "DEN-ch"]
[Site "Tonder"]
[Date "1993.??.??"]
[Round "6"]
[White "Hansen, Sune Berg"]
[Black "Hansen, Lars Bo"]
[Result "1/2-1/2"]
[WhiteElo "2405"]
[BlackElo "2545"]
[PlyCount "82"]
[EventDate "1993.05.??"]
[EventType "tourn"]
[EventRounds "9"]
[EventCountry "DEN"]
[EventCategory "7"]
[Source "ChessBase"]
[SourceDate "1994.03.01"]

1. d4 d5 2. c4 c6 3. Nf3 Nf6 4. Nc3 dxc4 5. a4 Bf5 6. e3 e6 7. Bxc4 Bb4 8. O-O
O-O 9. Nh4 Nbd7 10. f3 Bg6 11. Nxg6 hxg6 12. e4 e5 13. Be3 Qb6 14. Kh1 Rad8 15.
dxe5 Qxe3 16. exf6 gxf6 17. Qe1 Qc5 18. Bb3 Kg7 19. f4 Qe7 20. Bc2 Nc5 21. Qe3
Ne6 22. Rad1 Rxd1 23. Rxd1 Rd8 24. Rxd8 Qxd8 25. g3 a5 26. Ne2 Bd2 27. Qd3 Qxd3
28. Bxd3 g5 29. f5 Nc5 30. Bc2 Nd7 31. Kg2 Ne5 32. b3 Be3 33. h3 Bc5 34. Nc1
Bd6 35. Nd3 Nd7 36. Nf2 Bb4 37. Ng4 Be1 38. Nh2 Ne5 39. Nf3 Nxf3 40. Kxf3 Kf8
41. Bd3 Bc3 1/2-1/2

[Event "DEN-ch"]
[Site "Tonder"]
[Date "1993.??.??"]
[Round "2"]
[White "Hansen, Sune Berg"]
[Black "Schandorff, Lars"]
[Result "0-1"]
[WhiteElo "2405"]
[BlackElo "2420"]
[PlyCount "190"]
[EventDate "1993.05.??"]
[EventType "tourn"]
[EventRounds "9"]
[EventCountry "DEN"]
[EventCategory "7"]
[Source "ChessBase"]
[SourceDate "1994.03.01"]

1. d4 Nf6 2. c4 g6 3. Nc3 Bg7 4. e4 d6 5. f3 O-O 6. Nge2 c6 7. Bg5 a6 8. Qd2 b5
9. h4 h5 10. Bh6 e5 11. Bxg7 Kxg7 12. O-O-O Qe7 13. Ng3 Re8 14. Kb1 Nbd7 15. d5
b4 16. Na4 c5 17. Bd3 Rb8 18. Rdg1 Rh8 19. Nf1 Kf8 20. Ne3 Ke8 21. Qf2 Kd8 22.
Bc2 Ne8 23. g4 Ndf6 24. b3 a5 25. Qg3 Ng7 26. Rf1 Rf8 27. Rh2 Bd7 28. Nb2 Be8
29. Rhf2 Nd7 30. Nd3 a4 31. f4 exf4 32. Qxf4 hxg4 33. Nxg4 axb3 34. axb3 f5 35.
exf5 Rxf5 36. Qg3 Ra8 37. Re1 Qf8 38. Ree2 Kc7 39. Nb2 Rxf2 40. Qxf2 Nf5 41.
Ne3 Nd4 42. Qxf8 Nxf8 43. Rf2 Nd7 44. Nd3 Kd8 45. Kb2 Ke7 46. Bd1 Nf6 47. Rf4
Rb8 48. Nc1 Bd7 49. Ne2 Nxe2 50. Bxe2 Re8 51. Bd3 Kf7 52. Rf3 Rh8 53. Rg3 Rh6
54. Kc1 Bc8 55. Rg5 Nh7 56. Ng4 Bxg4 57. Rxg4 Nf6 58. Rf4 Kg7 59. Kd2 Nd7 60.
Ke3 Ne5 61. Be2 Rh8 62. Kf2 Ra8 63. Re4 Ra1 64. Re3 Rh1 65. Kg3 Rg1+ 66. Kf2
Rh1 67. Kg3 Rc1 68. Kf4 Kf6 69. Rh3 Rb1 70. Ke4 Rb2 71. Re3 Ra2 72. Kf4 Rd2 73.
Re4 Ra2 74. Re3 Rb2 75. Ke4 Rb1 76. Rh3 Re1 77. Ke3 Kg7 78. Rg3 Rb1 79. Ke4 Kh6
80. Rh3 Rb2 81. Re3 Rd2 82. Kf4 Rd4+ 83. Re4 Nd3+ 84. Ke3 Nc1 85. Re6 Rxh4 86.
Rxd6 Rh3+ 87. Bf3 Nxb3 88. Kf2 Nd2 89. Bg2 Rd3 90. Rc6 b3 91. Ke2 b2 92. Rb6
Nb3 93. Rxg6+ Kxg6 94. Be4+ Kf6 95. Bxd3 Nc1+ 0-1

[Event "DEN-ch"]
[Site "Tonder"]
[Date "1993.??.??"]
[Round "8"]
[White "Hansen, Sune Berg"]
[Black "Aagaard, Jacob"]
[Result "1-0"]
[WhiteElo "2405"]
[BlackElo "2240"]
[PlyCount "69"]
[EventDate "1993.05.??"]
[EventType "tourn"]
[EventRounds "9"]
[EventCountry "DEN"]
[EventCategory "7"]
[Source "ChessBase"]
[SourceDate "1994.03.01"]

1. g3 g6 2. Bg2 Bg7 3. d4 Nf6 4. e4 d6 5. Nc3 O-O 6. Nge2 e5 7. h3 Nc6 8. Be3
exd4 9. Nxd4 Re8 10. O-O Bd7 11. Nxc6 Bxc6 12. Qd3 b5 13. Bd4 b4 14. Nd5 Rb8
15. Rfe1 a5 16. c4 Bxd5 17. cxd5 Nd7 18. f4 h5 19. h4 Bxd4+ 20. Qxd4 Nc5 21.
Bh3 Qe7 22. e5 b3 23. a3 f5 24. Rac1 Qd7 25. Bg2 Kh7 26. Re3 Kh6 27. Rec3 Qa4
28. Rc4 Qb5 29. Bf3 Rbd8 30. Kg2 Qb6 31. R1c3 c6 32. exd6 cxd5 33. Rxc5 Rxd6
34. Rd3 Re4 35. Qh8# 1-0

[Event "DEN-ch"]
[Site "Tonder"]
[Date "1993.??.??"]
[Round "2"]
[White "Hoi, Carsten"]
[Black "Kristiansen, Jens"]
[Result "1/2-1/2"]
[WhiteElo "2415"]
[BlackElo "2415"]
[PlyCount "85"]
[EventDate "1993.05.??"]
[EventType "tourn"]
[EventRounds "9"]
[EventCountry "DEN"]
[EventCategory "7"]
[Source "ChessBase"]
[SourceDate "1994.03.01"]

1. d4 Nf6 2. c4 e6 3. Nc3 Bb4 4. e3 b6 5. Nge2 Ne4 6. Bd2 Nxd2 7. Qxd2 O-O 8.
g3 Ba6 9. a3 Be7 10. b3 c6 11. d5 Bf6 12. Rc1 exd5 13. cxd5 c5 14. Bg2 d6 15.
b4 Nd7 16. b5 Bc8 17. O-O Qe7 18. Nf4 g6 19. Nd3 a6 20. a4 axb5 21. axb5 Ra5
22. Rb1 h5 23. h4 Ne5 24. Nb2 Bd7 25. f4 Ng4 26. Nc4 Bxc3 27. Qxc3 Rxb5 28.
Nxb6 Rb8 29. Nxd7 Qxd7 30. Rxb5 Qxb5 31. e4 Qe2 32. Qf3 Qb2 33. e5 Rb3 34. Qe4
Re3 35. Qb1 Qd4 36. Kh1 dxe5 37. f5 Rxg3 38. fxg6 Nf2+ 39. Rxf2 Qxf2 40. Qb8+
Kg7 41. Qxe5+ Kf8 42. Qb8+ Kg7 43. Qe5+ 1/2-1/2

[Event "DEN-ch"]
[Site "Tonder"]
[Date "1993.??.??"]
[Round "1"]
[White "Hoi, Carsten"]
[Black "Hansen, Sune Berg"]
[Result "1/2-1/2"]
[WhiteElo "2415"]
[BlackElo "2405"]
[PlyCount "97"]
[EventDate "1993.05.??"]
[EventType "tourn"]
[EventRounds "9"]
[EventCountry "DEN"]
[EventCategory "7"]
[Source "ChessBase"]
[SourceDate "1994.03.01"]

1. d4 Nf6 2. c4 g6 3. Nc3 Bg7 4. e4 d6 5. f3 O-O 6. Be3 e5 7. Nge2 c6 8. Qd2
Nbd7 9. g4 Nb6 10. Ng3 exd4 11. Bxd4 c5 12. Be3 Be6 13. b3 Nfd7 14. Be2 Ne5 15.
Bh6 Bh8 16. O-O Re8 17. Rad1 Nc6 18. Kg2 Nd4 19. h3 Bd7 20. Bg5 Bf6 21. Bxf6
Qxf6 22. Bd3 Bc6 23. Nge2 Nxe2 24. Bxe2 a6 25. Nd5 Bxd5 26. cxd5 Nd7 27. a4 Kg7
28. Bd3 Ne5 29. f4 Nxd3 30. Qxd3 b5 31. axb5 axb5 32. Rf2 b4 33. Re1 Qc3 34.
Qxc3+ bxc3 35. Rc2 Rab8 36. Rxc3 Rb4 37. Kf3 h6 38. h4 f5 39. gxf5 gxf5 40. e5
Rd4 41. Rg1+ Kf7 42. e6+ Kf6 43. h5 Rxd5 44. Rg6+ Ke7 45. Re3 Rd1 46. Rg7+ Kd8
47. Rd7+ Kc8 48. Ra7 Kd8 49. Rd7+ 1/2-1/2

[Event "DEN-ch"]
[Site "Tonder"]
[Date "1993.??.??"]
[Round "6"]
[White "Hoi, Carsten"]
[Black "Schandorff, Lars"]
[Result "1/2-1/2"]
[WhiteElo "2415"]
[BlackElo "2420"]
[PlyCount "156"]
[EventDate "1993.05.??"]
[EventType "tourn"]
[EventRounds "9"]
[EventCountry "DEN"]
[EventCategory "7"]
[Source "ChessBase"]
[SourceDate "1994.03.01"]

1. d4 Nf6 2. Nc3 d5 3. Bg5 Nbd7 4. Nf3 b6 5. e3 Bb7 6. Bd3 e6 7. O-O Be7 8. Re1
h6 9. Bh4 O-O 10. a4 a6 11. Ne2 c5 12. c3 Qc7 13. Rc1 Bd6 14. Bg3 e5 15. dxe5
Nxe5 16. Nxe5 Bxe5 17. Bb1 Rfe8 18. Qc2 Qc6 19. f3 Bxg3 20. Nxg3 Rad8 21. Rcd1
Bc8 22. b3 Be6 23. Ne2 Bc8 24. Ng3 Qc7 25. Re2 g6 26. Qb2 Qe7 27. Rde1 Bb7 28.
b4 h5 29. e4 dxe4 30. Nxe4 Bxe4 31. Bxe4 Qd6 32. a5 cxb4 33. Qxb4 Nxe4 34. fxe4
Qxb4 35. cxb4 bxa5 36. bxa5 Re5 37. Rc1 Rxa5 38. Rc7 Re5 39. Ra7 Re6 40. Kf2
Rd3 41. Ra2 Rdd6 42. Kf3 Rb6 43. Ra3 Kg7 44. h4 Rec6 45. g3 Rf6+ 46. Ke3 Kh6
47. Ra8 Rfc6 48. Rh8+ Kg7 49. Ra8 Kf6 50. Kf4 Re6 51. Ra7 Rb4 52. R7xa6 Rbxe4+
53. Kf3 Rxa6 54. Rxa6+ Kf5 55. Ra5+ Re5 56. Ra4 f6 57. Rf4+ Ke6 58. Ra4 Rf5+
59. Kg2 Rb5 60. Kf3 g5 61. hxg5 fxg5 62. Ra8 Rb3+ 63. Kg2 Rd3 64. Rf8 Ke5 65.
Rf7 Ke4 66. Rf8 Rd2+ 67. Kg1 Ke5 68. Rf7 Rd6 69. Kg2 Rf6 70. Rh7 Kf5 71. Rxh5
Kg4 72. Rh8 Rf3 73. Ra8 Rxg3+ 74. Kh2 Rb3 75. Kg2 Rb2+ 76. Kg1 Kh4 77. Ra4+ g4
78. Ra3 Rc2 1/2-1/2

[Event "DEN-ch"]
[Site "Tonder"]
[Date "1993.??.??"]
[Round "8"]
[White "Hoi, Carsten"]
[Black "Hansen, Lars Bo"]
[Result "0-1"]
[WhiteElo "2415"]
[BlackElo "2545"]
[PlyCount "76"]
[EventDate "1993.05.??"]
[EventType "tourn"]
[EventRounds "9"]
[EventCountry "DEN"]
[EventCategory "7"]
[Source "ChessBase"]
[SourceDate "1994.03.01"]

1. d4 d5 2. Nf3 Nf6 3. Bg5 Ne4 4. Bh4 c6 5. e3 Qb6 6. Qc1 Bf5 7. Be2 e6 8. O-O
Bd6 9. c4 Qc7 10. Nbd2 Nxd2 11. Qxd2 dxc4 12. Bxc4 Nd7 13. Rac1 O-O 14. Rfd1
Bg4 15. h3 Bh5 16. Qe2 Nb6 17. Bd3 Nd5 18. g4 Bg6 19. Nd2 f5 20. Nc4 Rae8 21.
Nxd6 Qxd6 22. Bg3 Qe7 23. e4 f4 24. Bh2 f3 25. Qd2 Qh4 26. exd5 Qxh3 27. Bf1
Qxg4+ 28. Kh1 exd5 29. Qb4 Re2 30. Bg3 Rxf2 31. Bxf2 Rf5 32. Qd6 Rh5+ 33. Qh2
Be4 34. b4 Rxh2+ 35. Kxh2 Qh5+ 36. Kg1 Bc2 37. Rxc2 Qg6+ 38. Kh2 Qxc2 0-1

[Event "DEN-ch"]
[Site "Tonder"]
[Date "1993.??.??"]
[Round "6"]
[White "Kristiansen, Jens"]
[Black "Nielsen, Peter Heine"]
[Result "1/2-1/2"]
[WhiteElo "2415"]
[BlackElo "2440"]
[PlyCount "59"]
[EventDate "1993.05.??"]
[EventType "tourn"]
[EventRounds "9"]
[EventCountry "DEN"]
[EventCategory "7"]
[Source "ChessBase"]
[SourceDate "1994.03.01"]

1. e4 e5 2. f4 exf4 3. Nf3 g5 4. h4 g4 5. Ne5 d6 6. Nxg4 Nf6 7. Nxf6+ Qxf6 8.
Nc3 Be6 9. Qh5 Nc6 10. Bb5 a6 11. Bxc6+ bxc6 12. d3 Rg8 13. O-O Bh6 14. Bd2 Bg4
15. Qa5 O-O-O 16. e5 Qxe5 17. Qxa6+ Kd7 18. Qa4 Bh3 19. Bxf4 Bxf4 20. Qxf4 Qxf4
21. Rxf4 Rxg2+ 22. Kh1 Rxc2 23. Rxf7+ Kc8 24. Rg1 h5 25. Rg3 Bg4 26. Rg2 Rc1+
27. Rg1 Rc2 28. Rg2 Rc1+ 29. Rg1 Rc2 30. Rg2 1/2-1/2

[Event "DEN-ch"]
[Site "Tonder"]
[Date "1993.??.??"]
[Round "4"]
[White "Kristiansen, Jens"]
[Black "Danielsen, Henrik"]
[Result "1-0"]
[WhiteElo "2415"]
[BlackElo "2445"]
[PlyCount "75"]
[EventDate "1993.05.??"]
[EventType "tourn"]
[EventRounds "9"]
[EventCountry "DEN"]
[EventCategory "7"]
[Source "ChessBase"]
[SourceDate "1994.03.01"]

1. e4 c6 2. d4 d5 3. e5 Bf5 4. Nf3 e6 5. Nbd2 Nd7 6. Nb3 Ne7 7. Be2 Bg6 8. O-O
Nf5 9. g4 Nh4 10. Nxh4 Qxh4 11. f4 h5 12. g5 f6 13. Be3 fxg5 14. Bd3 Bxd3 15.
Qxd3 O-O-O 16. f5 Be7 17. Nd2 Rdf8 18. Kh1 exf5 19. Rxf5 Rxf5 20. Qxf5 Rf8 21.
Qg6 Qh3 22. Re1 g4 23. Qxg7 Qh4 24. Rf1 Kd8 25. Rxf8+ Nxf8 26. Nf1 Qe1 27. Kg1
Qd1 28. c3 Ne6 29. Qh8+ Kd7 30. Qxh5 Qe2 31. Bf2 Qxb2 32. Qxg4 Qxa2 33. Ng3 a5
34. Qf5 Qb2 35. Qf7 Qc1+ 36. Kg2 Qf4 37. Nf5 Qg5+ 38. Kf3 {(+)} 1-0

[Event "DEN-ch"]
[Site "Tonder"]
[Date "1993.??.??"]
[Round "1"]
[White "Kristiansen, Jens"]
[Black "Aagaard, Jacob"]
[Result "1/2-1/2"]
[WhiteElo "2415"]
[BlackElo "2240"]
[PlyCount "68"]
[EventDate "1993.05.??"]
[EventType "tourn"]
[EventRounds "9"]
[EventCountry "DEN"]
[EventCategory "7"]
[Source "ChessBase"]
[SourceDate "1994.03.01"]

1. e4 d5 2. exd5 Nf6 3. d4 Nxd5 4. Nf3 g6 5. h3 Bg7 6. c4 Nb6 7. Nc3 O-O 8. Be3
Nc6 9. Qd2 e5 10. d5 Ne7 11. g4 f5 12. O-O-O fxg4 13. Ng5 g3 14. b3 Nf5 15.
fxg3 Nxg3 16. Rg1 Nxf1 17. Rdxf1 Rxf1+ 18. Rxf1 Bf5 19. c5 Nc8 20. d6 c6 21.
Qe2 b5 22. Qg2 Nxd6 23. cxd6 Qxd6 24. Nce4 Qd3 25. Bd2 Qd5 26. Ba5 b4 27. Bxb4
h6 28. Rd1 Qb5 29. Bc3 hxg5 30. Kb2 Rf8 31. Nxg5 e4 32. Bxg7 Kxg7 33. Nxe4 Qe5+
34. Nc3 Rf6 1/2-1/2

[Event "DEN-ch"]
[Site "Tonder"]
[Date "1993.??.??"]
[Round "2"]
[White "Mortensen, Erling"]
[Black "Nielsen, Peter Heine"]
[Result "1/2-1/2"]
[WhiteElo "2445"]
[BlackElo "2440"]
[PlyCount "50"]
[EventDate "1993.05.??"]
[EventType "tourn"]
[EventRounds "9"]
[EventCountry "DEN"]
[EventCategory "7"]
[Source "ChessBase"]
[SourceDate "1994.03.01"]

1. e4 c5 2. Nf3 Nc6 3. c3 e6 4. d4 d5 5. e5 Bd7 6. Be2 Nge7 7. Na3 cxd4 8. cxd4
Nf5 9. Nc2 Qa5+ 10. Bd2 Qb6 11. Bc3 Nb4 12. Ne3 Nxe3 13. fxe3 Bb5 14. O-O Bxe2
15. Qxe2 Be7 16. Ne1 O-O 17. a3 Nc6 18. Qg4 Qd8 19. Nd3 Bg5 20. Rf3 Qe7 21. Rg3
Bh6 22. Rf1 f5 23. exf6 Rxf6 24. Rxf6 Qxf6 25. Rf3 Qe7 1/2-1/2